[Event "21. Torneo San Viator 2013"]
[Site "Madrid ESP"]
[Date "2013.10.27"]
[Round "6.43"]
[White "Savchuk, Olga"]
[Black "Rodriguez Romero, Martin"]
[Result "1-0"]
[WhiteElo "1572"]
[BlackElo "1366"]
[PlyCount "113"]
[EventDate "2013.09.29"]
[EventType "swiss"]
[EventRounds "9"]
[EventCountry "ESP"]
[SourceTitle "Ajedrez en Madrid"]
[Source "lmi"]
[SourceDate "2013.09.29"]
[SourceVersion "1"]
[SourceVersionDate "2013.12.25"]
[SourceQuality "1"]

1. e4 c6 2. d4 d5 3. exd5 cxd5 4. Nf3 Nf6 5. Be2 Nc6 6. O-O Bf5 7. a3 e6 8. Bg5
Be7 9. h3 O-O 10. Nbd2 Rc8 11. Rc1 Qb6 12. Nb3 a5 13. c4 a4 14. cxd5 exd5 15.
Nc5 Qxb2 16. Nxa4 Qxa3 17. Ra1 Qd6 18. Qb3 Qb4 19. Qxb4 Nxb4 20. Rfc1 Nc6 21.
Nb6 Rb8 22. Bf4 Rbe8 23. Bb5 Bb4 24. Bxc6 bxc6 25. Rxc6 Re6 26. Ne5 Rfe8 27.
Ra7 g5 28. Bxg5 Rxc6 29. Nxc6 Re1+ 30. Kh2 Bd6+ 31. Ne5 Ne4 32. Bf4 Nxf2 33.
Nxd5 Rh1+ 34. Kg3 Ne4+ 35. Kh4 Be6 36. Ne7+ Bxe7+ 37. Rxe7 Rd1 38. Bh6 Nf6 39.
Nf3 Bd5 40. Rc7 Be6 41. Rb7 Nd7 42. Ng5 Rxd4+ 43. Kg3 Rd6 44. Rc7 Ne5 45. Nxe6
fxe6 46. Rg7+ Kh8 47. Rc7 Rd8 48. Bg7+ Kg8 49. Bxe5 h5 50. Rg7+ Kf8 51. Rh7 Rd5
52. Kf4 Rd2 53. Rxh5 Rxg2 54. Rh7 Kg8 55. Rh8+ Kf7 56. Rh7+ Kg6 57. Rg7+ 1-0

[Event "21. Torneo San Viator 2013"]
[Site "Madrid ESP"]
[Date "2013.10.27"]
[Round "6.44"]
[White "Vazquez Cabeza, Isaac"]
[Black "Olias Ruiz, Enrique"]
[Result "1-0"]
[WhiteElo "1560"]
[BlackElo "1173"]
[PlyCount "96"]
[EventDate "2013.09.29"]
[EventType "swiss"]
[EventRounds "9"]
[EventCountry "ESP"]
[SourceTitle "Ajedrez en Madrid"]
[Source "lmi"]
[SourceDate "2013.09.29"]
[SourceVersion "1"]
[SourceVersionDate "2013.12.25"]
[SourceQuality "1"]

1. c4 Nf6 2. Nc3 g6 3. g3 Bg7 4. Bg2 c6 5. d3 O-O 6. Nf3 d6 7. O-O Qb6 8. Na4
Qd8 9. Nc3 Nbd7 10. Bd2 Nc5 11. Qc1 Qb6 12. b3 Ne6 13. Re1 Nd4 14. Nxd4 Qxd4
15. e3 Qxd3 16. e4 Qd4 17. Be3 Qe5 18. Bf4 Qc5 19. Na4 Qd4 20. Rd1 Qxa1 21.
Qxa1 Nxe4 22. Qc1 Nf6 23. Bh6 Ng4 24. Bxg7 Kxg7 25. Nc3 Bf5 26. Be4 e6 27. Bxf5
exf5 28. Rxd6 Rfe8 29. Rd7 b6 30. Rd6 c5 31. Rd2 Re6 32. Re2 Rxe2 33. Nxe2 Re8
34. Nc3 h6 35. h3 Ne5 36. Qe3 f6 37. f4 g5 38. fxe5 Rxe5 39. Qd2 f4 40. gxf4
gxf4 41. Qxf4 Rg5+ 42. Kh2 Kg6 43. Qc7 Rf5 44. Qxa7 Rf3 45. Nd5 Rf2+ 46. Kg3
Rd2 47. Qxb6 h5 48. Qxf6+ Kh7 1-0

[Event "21. Torneo San Viator 2013"]
[Site "Madrid ESP"]
[Date "2013.10.27"]
[Round "6.45"]
[White "Perez Perez, Marta"]
[Black "Salgado Duarte, Pablo"]
[Result "1-0"]
[WhiteElo "1348"]
[BlackElo "1551"]
[PlyCount "162"]
[EventDate "2013.09.29"]
[EventType "swiss"]
[EventRounds "9"]
[EventCountry "ESP"]
[SourceTitle "Ajedrez en Madrid"]
[Source "lmi"]
[SourceDate "2013.09.29"]
[SourceVersion "1"]
[SourceVersionDate "2013.12.25"]
[SourceQuality "1"]

1. e4 e5 2. Nf3 Nc6 3. Bc4 Be7 4. c3 d6 5. d3 Nf6 6. Bb3 O-O 7. O-O h6 8. Nbd2
d5 9. Re1 Bg4 10. h3 Bh5 11. Nf1 dxe4 12. dxe4 Qxd1 13. Bxd1 Bg6 14. Ng3 Rfd8
15. Bb3 Bc5 16. Be3 Be7 17. Bc2 Nh5 18. Nxh5 Bxh5 19. Nd2 a6 20. Bb3 Bg6 21.
Rad1 Bh5 22. Rc1 Bg6 23. Bc2 Rd7 24. Nf1 Na5 25. Rcd1 Rad8 26. Ng3 Bh4 27. Nf5
Bxf5 28. exf5 Bf6 29. Rxd7 Rxd7 30. b3 Be7 31. f6 Bxf6 32. Bf4 Re7 33. Bg3 Kf8
34. c4 b5 35. cxb5 axb5 36. Kf1 Nc6 37. f4 Nd4 38. Bd3 c6 39. fxe5 Bg5 40. Bf2
Ne6 41. a4 bxa4 42. bxa4 Bd2 43. Re2 Ba5 44. Be1 Bxe1 45. Rxe1 Nc5 46. Bc2 Ra7
47. Ra1 Ke7 48. Ke2 Ke6 49. Ke3 Kxe5 50. g3 f6 51. a5 Ra6 52. Bd3 Nxd3 53. Kxd3
Kd5 54. Ra4 Kc5 55. Ke4 Kb5 56. Rd4 Ra7 57. Kf5 c5 58. Rd5 Kc4 59. Rd6 Kb4 60.
a6 Kb5 61. Rd8 Kxa6 62. Rc8 Kb5 63. Ke4 Rd7 64. Ke3 c4 65. Rb8+ Ka4 66. h4 c3
67. g4 c2 68. Rc8 Kb3 69. Rb8+ Ka2 70. Ra8+ Kb1 71. Rb8+ Kc1 72. Ke2 Ra7 73.
Rc8 Rb7 74. Kd3 Rd7+ 75. Ke2 Rd4 76. Kf3 Kd1 77. Ke3 Rxg4 78. Rd8+ Kc1 79. Kd3
Rxh4 80. Kc3 g5 81. Re8 g4 1-0

[Event "21. Torneo San Viator 2013"]
[Site "Madrid ESP"]
[Date "2013.10.27"]
[Round "6.46"]
[White "De Castro Vidal, Jose Ignacio"]
[Black "Herreros Ruiz, Jorge Alejandro"]
[Result "1/2-1/2"]
[WhiteElo "2050"]
[BlackElo "1549"]
[PlyCount "41"]
[EventDate "2013.09.29"]
[EventType "swiss"]
[EventRounds "9"]
[EventCountry "ESP"]
[SourceTitle "Ajedrez en Madrid"]
[Source "lmi"]
[SourceDate "2013.09.29"]
[SourceVersion "1"]
[SourceVersionDate "2013.12.25"]
[SourceQuality "1"]

1. e4 c6 2. Nc3 d5 3. Nf3 Bg4 4. h3 Bxf3 5. Qxf3 e6 6. a3 Nd7 7. d3 Ngf6 8. Bd2
Bc5 9. O-O-O Ne5 10. Qg3 Ng6 11. f4 Nh5 12. Qf3 Qh4 13. g4 Nhxf4 14. Bxf4 Qf6
15. exd5 Qxf4+ 16. Qxf4 Nxf4 17. dxc6 bxc6 18. Ne4 Be7 19. Re1 O-O 20. Nd2 Rfd8
21. Re4 1/2-1/2

[Event "21. Torneo San Viator 2013"]
[Site "Madrid ESP"]
[Date "2013.10.27"]
[Round "6.49"]
[White "Estirado De Cabo, Cesar"]
[Black "Jimenez Manzano, Emiliano"]
[Result "0-1"]
[WhiteElo "1511"]
[BlackElo "1493"]
[PlyCount "114"]
[EventDate "2013.09.29"]
[EventType "swiss"]
[EventRounds "9"]
[EventCountry "ESP"]
[SourceTitle "Ajedrez en Madrid"]
[Source "lmi"]
[SourceDate "2013.09.29"]
[SourceVersion "1"]
[SourceVersionDate "2013.12.25"]
[SourceQuality "1"]

1. d4 d5 2. c4 c6 3. Nc3 g6 4. Nf3 Bg7 5. e3 Nf6 6. h3 e6 7. Bd3 dxc4 8. Bxc4
O-O 9. O-O Nbd7 10. Re1 Nb6 11. Bb3 a5 12. a4 Nfd5 13. e4 Nb4 14. e5 Qc7 15.
Ne4 Nd7 16. Bf4 Nd5 17. Bg3 Qd8 18. Rc1 Qb6 19. Re2 h6 20. h4 f6 21. exf6 N7xf6
22. Be5 Nxe4 23. Bxg7 Kxg7 24. Rxe4 Rf4 25. Rxf4 Nxf4 26. Qd2 Ne2+ 27. Qxe2
Qxb3 28. Qe5+ Kg8 29. Qf4 Qd5 30. Qxh6 Qh5 31. Qf4 Qf5 32. Qg3 Bd7 33. Ne5 Be8
34. h5 Qxh5 35. Ng4 Qg5 36. Re1 Bf7 37. Ne5 Qxg3 38. fxg3 Rd8 39. Re4 Kg7 40.
Rf4 Rf8 41. Nd7 Rd8 42. Ne5 Be8 43. Rg4 b5 44. Nxc6 Bxc6 45. axb5 Bxb5 46. Rg5
Rd5 47. Rg4 Bc4 48. Re4 Rb5 49. Re3 Rxb2 50. Rc3 Bd5 51. Rc7+ Kf6 52. Ra7 Ra2
53. Kh2 a4 54. Kh3 Bxg2+ 55. Kh4 Bd5 56. Kg4 Bb3 57. Ra5 Rd2 0-1

[Event "21. Torneo San Viator 2013"]
[Site "Madrid ESP"]
[Date "2013.10.27"]
[Round "6.51"]
[White "Algaba Traspuesto, Jose Antoni"]
[Black "Guillo Longares, Cecilia"]
[Result "1-0"]
[WhiteElo "1693"]
[BlackElo "1376"]
[PlyCount "83"]
[EventDate "2013.09.29"]
[EventType "swiss"]
[EventRounds "9"]
[EventCountry "ESP"]
[SourceTitle "Ajedrez en Madrid"]
[Source "lmi"]
[SourceDate "2013.09.29"]
[SourceVersion "1"]
[SourceVersionDate "2013.12.25"]
[SourceQuality "1"]

1. d4 Nf6 2. e3 g6 3. Nf3 Bg7 4. Be2 O-O 5. O-O d6 6. c4 Bf5 7. Nc3 Nbd7 8. Nh4
Be4 9. Nxe4 Nxe4 10. Nf3 e5 11. Qc2 f5 12. Rd1 Qe7 13. b4 exd4 14. exd4 c5 15.
bxc5 dxc5 16. Bb2 Rfe8 17. Bd3 Ng5 18. Nxg5 Qxg5 19. d5 Ne5 20. Bf1 Qf4 21. Qd2
Qg4 22. Bxe5 Bxe5 23. Rab1 b6 24. g3 f4 25. Qd3 fxg3 26. hxg3 Rf8 27. Bg2 Qd4
28. Qe2 Qc3 29. Rb3 Qa5 30. Qxe5 Qxa2 31. Qb2 Qxb2 32. Rxb2 Rad8 33. Re1 Kh8
34. Re7 Ra8 35. Rbe2 a5 36. Rc7 a4 37. Ree7 Rfd8 38. d6 Rxd6 39. Bxa8 Rd8 40.
Bd5 Rxd5 41. Rc8+ Rd8 42. Rxd8# 1-0

[Event "21. Torneo San Viator 2013"]
[Site "Madrid ESP"]
[Date "2013.10.27"]
[Round "6.58"]
[White "Guillo Sanchez-Galiano, Eduardo"]
[Black "Jimenez Perez, Federico"]
[Result "0-1"]
[WhiteElo "1309"]
[BlackElo "1289"]
[PlyCount "84"]
[EventDate "2013.09.29"]
[EventType "swiss"]
[EventRounds "9"]
[EventCountry "ESP"]
[SourceTitle "Ajedrez en Madrid"]
[Source "lmi"]
[SourceDate "2013.09.29"]
[SourceVersion "1"]
[SourceVersionDate "2013.12.25"]
[SourceQuality "1"]

1. e4 c5 2. Nf3 d6 3. h3 Nf6 4. Nc3 g6 5. Bc4 Bg7 6. O-O O-O 7. d4 cxd4 8. Nxd4
Bd7 9. Re1 Nc6 10. Nxc6 Bxc6 11. e5 dxe5 12. Qxd8 Raxd8 13. Rxe5 e6 14. Rc5 Ne4
15. Rxc6 bxc6 16. Be3 Nxc3 17. bxc3 Bxc3 18. Rb1 Be5 19. Bxa7 Ra8 20. Be3 Rab8
21. Rf1 Bd6 22. g3 h5 23. h4 Rfe8 24. Rd1 Red8 25. Bg5 Rd7 26. Be7 Rxe7 27.
Rxd6 c5 28. a4 Rb4 29. Bb5 c4 30. Rd8+ Kg7 31. Ra8 e5 32. Bc6 e4 33. Kf1 Rb2
34. a5 e3 35. Bf3 Rxc2 36. Be2 exf2 37. Kxf2 Rcxe2+ 38. Kf1 Ra2 39. a6 Rd7 40.
Ke1 c3 41. Rc8 c2 42. Ke2 c1=Q+ 0-1

[Event "21. Torneo San Viator 2013"]
[Site "Madrid ESP"]
[Date "2013.11.03"]
[Round "7.1"]
[White "Nunez Miranda, Adrian"]
[Black "Iturbide Arnedo, Oscar"]
[Result "0-1"]
[WhiteElo "2006"]
[BlackElo "2159"]
[PlyCount "74"]
[EventDate "2013.09.29"]
[EventType "swiss"]
[EventRounds "9"]
[EventCountry "ESP"]
[SourceTitle "Ajedrez en Madrid"]
[Source "lmi"]
[SourceDate "2013.09.29"]
[SourceVersion "1"]
[SourceVersionDate "2013.12.25"]
[SourceQuality "1"]

1. e4 c5 2. d3 g6 3. g3 Bg7 4. Bg2 d6 5. f4 Nc6 6. Nf3 Nh6 7. O-O f5 8. Ng5 e5
9. c3 Qe7 10. Re1 O-O 11. exf5 Nxf5 12. Bd5+ Kh8 13. fxe5 dxe5 14. Qb3 h6 15.
Ne4 Rd8 16. Bxc6 bxc6 17. Qc4 Rd5 18. b4 cxb4 19. Qxc6 Bb7 20. Qxg6 Rf8 21. Be3
Nxe3 22. Rxe3 Qd7 23. Nf2 e4 24. d4 Rdf5 25. Ng4 Rg5 26. Ne5 Rxe5 27. h4 Ref5
28. Nd2 bxc3 29. Nb3 Qb5 30. Kg2 Rf2+ 31. Kh3 Bc8+ 32. g4 R8f3+ 33. Rxf3 Rxf3+
34. Kg2 Qe2+ 35. Kh1 Rh3+ 36. Kg1 Rg3+ 37. Kh1 Qg2# 0-1

[Event "21. Torneo San Viator 2013"]
[Site "Madrid ESP"]
[Date "2013.11.03"]
[Round "7.2"]
[White "Renteria, Jorge"]
[Black "Cabanas Bravo, Juan Andres"]
[Result "1-0"]
[WhiteElo "2323"]
[BlackElo "2089"]
[PlyCount "65"]
[EventDate "2013.09.29"]
[EventType "swiss"]
[EventRounds "9"]
[EventCountry "ESP"]
[SourceTitle "Ajedrez en Madrid"]
[Source "lmi"]
[SourceDate "2013.09.29"]
[SourceVersion "1"]
[SourceVersionDate "2013.12.25"]
[SourceQuality "1"]

1. d4 Nf6 2. c4 g6 3. f3 d5 4. cxd5 Nxd5 5. e4 Nb6 6. Nc3 Bg7 7. Be3 O-O 8. Qd2
Nc6 9. O-O-O a5 10. Bh6 Bxh6 11. Qxh6 Nxd4 12. f4 Bg4 13. Nf3 Bxf3 14. gxf3 c5
15. h4 e6 16. h5 Qf6 17. hxg6 Qxg6 18. Qh2 Kh8 19. f5 Nxf3 20. fxg6 Nxh2 21.
Rxh2 fxg6 22. Bh3 e5 23. Rd6 Ra6 24. Re6 Nc4 25. Re7 Ne3 26. Rxb7 h5 27. Nd5
Nc4 28. Re7 Rf3 29. b3 Na3 30. Nc7 Ra7 31. Rd2 Kg8 32. Rd8+ Rf8 33. Be6+ 1-0

[Event "21. Torneo San Viator 2013"]
[Site "Madrid ESP"]
[Date "2013.11.03"]
[Round "7.3"]
[White "Camarero Izquierdo, Juan Carlo"]
[Black "Tirado Parra, Alberto"]
[Result "1/2-1/2"]
[WhiteElo "1893"]
[BlackElo "1937"]
[PlyCount "89"]
[EventDate "2013.09.29"]
[EventType "swiss"]
[EventRounds "9"]
[EventCountry "ESP"]
[SourceTitle "Ajedrez en Madrid"]
[Source "lmi"]
[SourceDate "2013.09.29"]
[SourceVersion "1"]
[SourceVersionDate "2013.12.25"]
[SourceQuality "1"]

1. d4 d5 2. Nc3 Nf6 3. Bg5 Nbd7 4. Nf3 h6 5. Bh4 e6 6. e4 g5 7. e5 gxh4 8. exf6
Qxf6 9. Qe2 a6 10. Nxd5 Qd8 11. Ne5 Nxe5 12. Qxe5 Qxd5 13. Qxh8 Qe4+ 14. Be2
Bd7 15. Qe5 Qxg2 16. O-O-O O-O-O 17. Qe3 Bc6 18. f3 Be7 19. Rdg1 Bg5 20. Rxg2
Bxe3+ 21. Kb1 Rxd4 22. Rd1 Rxd1+ 23. Bxd1 Bf4 24. c3 h3 25. Rc2 e5 26. Be2 Kd8
27. b4 e4 28. Kb2 Ba4 29. fxe4 Ke7 30. Bg4 Bxc2 31. Kxc2 Bxh2 32. Bxh3 Kd6 33.
c4 b6 34. a4 h5 35. a5 bxa5 36. bxa5 h4 37. Kd3 Bg1 38. Ke2 Kc5 39. Bc8 Kxc4
40. Bxa6+ Kb4 41. Bc8 Kxa5 42. e5 Bd4 43. e6 fxe6 44. Bxe6 Kb4 45. Kf3 1/2-1/2

[Event "21. Torneo San Viator 2013"]
[Site "Madrid ESP"]
[Date "2013.11.03"]
[Round "7.4"]
[White "Lopez Ziegler, Carlos"]
[Black "Luque Ibanez, Manuel"]
[Result "1-0"]
[WhiteElo "1944"]
[BlackElo "2021"]
[PlyCount "57"]
[EventDate "2013.09.29"]
[EventType "swiss"]
[EventRounds "9"]
[EventCountry "ESP"]
[SourceTitle "Ajedrez en Madrid"]
[Source "lmi"]
[SourceDate "2013.09.29"]
[SourceVersion "1"]
[SourceVersionDate "2013.12.25"]
[SourceQuality "1"]

1. e4 c5 2. Nc3 Nc6 3. f4 e6 4. Nf3 d5 5. d3 Nf6 6. Bd2 Be7 7. g3 d4 8. Ne2 e5
9. Bg2 Bd6 10. O-O O-O 11. f5 c4 12. h3 Qb6 13. Kh1 Qxb2 14. g4 Rb8 15. Ng3 Nd7
16. g5 c3 17. Be1 Nb4 18. Rf2 Nxa2 19. Rb1 Qa3 20. f6 gxf6 21. gxf6 Nxf6 22.
Ng5 Be7 23. Rxf6 Bxf6 24. Qh5 h6 25. Qxh6 Bxg5 26. Qxg5+ Kh7 27. Qh5+ Kg7 28.
Qg5+ Kh7 29. Nh5 1-0

[Event "21. Torneo San Viator 2013"]
[Site "Madrid ESP"]
[Date "2013.11.03"]
[Round "7.5"]
[White "Crespo Villalba, Israel"]
[Black "Rosa Ramirez, Victor D"]
[Result "1/2-1/2"]
[WhiteElo "1886"]
[BlackElo "1991"]
[PlyCount "132"]
[EventDate "2013.09.29"]
[EventType "swiss"]
[EventRounds "9"]
[EventCountry "ESP"]
[SourceTitle "Ajedrez en Madrid"]
[Source "lmi"]
[SourceDate "2013.09.29"]
[SourceVersion "1"]
[SourceVersionDate "2013.12.25"]
[SourceQuality "1"]

1. e4 e6 2. d4 d5 3. exd5 exd5 4. Nf3 Bd6 5. c4 c6 6. cxd5 cxd5 7. Bb5+ Nc6 8.
O-O Nge7 9. Nc3 O-O 10. Bg5 Bg4 11. Be2 h6 12. Bh4 Qb6 13. Bxe7 Nxe7 14. Qd2
Rad8 15. h3 Bh5 16. a3 Bb8 17. Rfe1 Nc6 18. Rad1 Rfe8 19. Nh4 Bxe2 20. Rxe2
Rxe2 21. Nxe2 Na5 22. Qb4 Qc7 23. Nf3 b6 24. Rc1 Qd7 25. Nc3 Nc4 26. Nxd5 b5
27. Nc3 a6 28. Ne4 Qf5 29. Qe7 Rf8 30. b3 Qf4 31. Re1 Nd6 32. Qe5 Nxe4 33. Qxf4
Bxf4 34. Rxe4 Bd6 35. b4 Rc8 36. Ne1 Rc1 37. Kf1 Ra1 38. Re3 Rd1 39. Rd3 Ra1
40. Ke2 Kf8 41. g3 Ra2+ 42. Kf3 Ke7 43. Ng2 Kd7 44. Ne3 a5 45. bxa5 Bxa3 46.
Rb3 b4 47. Nd5 Kd6 48. Nxb4 Bxb4 49. Rxb4 Rxa5 50. Rb7 Ke6 51. Rb8 f5 52. h4 g5
53. Rb6+ Kd5 54. Rxh6 Ra3+ 55. Kg2 g4 56. Rf6 Ke4 57. h5 Ra7 58. d5 Ke5 59. Rf8
Rh7 60. d6 Ke6 61. f3 Rxh5 62. fxg4 fxg4 63. Rg8 Kxd6 64. Rxg4 Ke6 65. Rf4 Rf5
66. Rh4 Kf6 1/2-1/2

[Event "21. Torneo San Viator 2013"]
[Site "Madrid ESP"]
[Date "2013.11.03"]
[Round "7.6"]
[White "Luna Hermoso, Angel"]
[Black "Marcos Herrero, Francisco"]
[Result "1-0"]
[WhiteElo "1979"]
[BlackElo "1949"]
[PlyCount "47"]
[EventDate "2013.09.29"]
[EventType "swiss"]
[EventRounds "9"]
[EventCountry "ESP"]
[SourceTitle "Ajedrez en Madrid"]
[Source "lmi"]
[SourceDate "2013.09.29"]
[SourceVersion "1"]
[SourceVersionDate "2013.12.25"]
[SourceQuality "1"]

1. Nf3 c5 2. b4 Nf6 3. bxc5 Qa5 4. Nc3 g6 5. Bb2 Qxc5 6. e3 d5 7. Nb5 b6 8. Bd4
Qc6 9. c4 Na6 10. Ne5 Qb7 11. Qa4 Bd7 12. Qxa6 Qxa6 13. Nc7+ Kd8 14. Nxa6 Be6
15. cxd5 Bxd5 16. Bb5 h5 17. Rc1 Rh7 18. O-O Ne4 19. Rc7 Nd6 20. Rd7+ Kc8 21.
Rc1+ Bc4 22. Rc7+ Kd8 23. Nc6+ Ke8 24. Bxc4 1-0

[Event "21. Torneo San Viator 2013"]
[Site "Madrid ESP"]
[Date "2013.11.03"]
[Round "7.7"]
[White "Lianes Garcia, Marcos"]
[Black "Vallejo Nuno, Jorge"]
[Result "0-1"]
[WhiteElo "1775"]
[BlackElo "2068"]
[PlyCount "76"]
[EventDate "2013.09.29"]
[EventType "swiss"]
[EventRounds "9"]
[EventCountry "ESP"]
[SourceTitle "Ajedrez en Madrid"]
[Source "lmi"]
[SourceDate "2013.09.29"]
[SourceVersion "1"]
[SourceVersionDate "2013.12.25"]
[SourceQuality "1"]

1. d4 e5 2. dxe5 Nc6 3. Nf3 Nge7 4. Nc3 h6 5. Bf4 g5 6. Bg3 Nf5 7. e3 Bg7 8.
Bc4 Nxg3 9. hxg3 Nxe5 10. Nxe5 Bxe5 11. Bxf7+ Kf8 12. Qf3 Qf6 13. Bh5 Bxc3+ 14.
bxc3 Qxf3 15. Bxf3 Rb8 16. O-O-O d6 17. Rd4 Be6 18. Bd5 Bxd5 19. Rxd5 Ke7 20.
Kd2 b6 21. Ke2 Kf6 22. f4 Rbe8 23. Kf3 Kg6 24. Rd3 Rhf8 25. Re1 Re5 26. e4 Ra5
27. Ra1 Ra4 28. Rd4 Ra3 29. Rd3 Ra4 30. Rd4 Ra3 31. Rc4 c5 32. Rd1 Rf6 33. e5
dxe5 34. Rd3 Rxa2 35. Rd2 Ra1 36. Rf2 Re1 37. Re4 g4+ 38. Kxg4 Rxe4 0-1

[Event "21. Torneo San Viator 2013"]
[Site "Madrid ESP"]
[Date "2013.11.03"]
[Round "7.8"]
[White "Perez Calahorra, Ricardo"]
[Black "Alonso Vara, Maria"]
[Result "0-1"]
[WhiteElo "2126"]
[BlackElo "1842"]
[PlyCount "74"]
[EventDate "2013.09.29"]
[EventType "swiss"]
[EventRounds "9"]
[EventCountry "ESP"]
[SourceTitle "Ajedrez en Madrid"]
[Source "lmi"]
[SourceDate "2013.09.29"]
[SourceVersion "1"]
[SourceVersionDate "2013.12.25"]
[SourceQuality "1"]

1. e4 c5 2. c3 d5 3. exd5 Qxd5 4. d4 Nf6 5. Nf3 e6 6. Na3 a6 7. Nc4 Nbd7 8. Ne3
Qc6 9. Be2 Be7 10. O-O O-O 11. Re1 Rd8 12. Qc2 Qc7 13. b3 b6 14. Bb2 Bb7 15.
Rac1 Rac8 16. c4 cxd4 17. Nxd4 Ne5 18. Rcd1 Bb4 19. Rf1 Bc5 20. a3 Bd6 21. h3
Qe7 22. b4 Ne4 23. Nf3 Ng6 24. Rd4 Nf4 25. Re1 Ng5 26. Qd1 Nxe2+ 27. Qxe2 Bxf3
28. gxf3 Nxh3+ 29. Kf1 Nf4 30. Rxf4 Bxf4 31. Ng2 Qg5 32. Nxf4 Qxf4 33. Qe4 Rxc4
34. Qxf4 Rxf4 35. Kg2 h5 36. Kg3 Rc4 37. Re5 Rd2 0-1

[Event "21. Torneo San Viator 2013"]
[Site "Madrid ESP"]
[Date "2013.11.03"]
[Round "7.9"]
[White "Madurga Lopez, Ignacio"]
[Black "Cano Mercado, Francisco Manuel"]
[Result "0-1"]
[WhiteElo "2074"]
[BlackElo "1840"]
[PlyCount "90"]
[EventDate "2013.09.29"]
[EventType "swiss"]
[EventRounds "9"]
[EventCountry "ESP"]
[SourceTitle "Ajedrez en Madrid"]
[Source "lmi"]
[SourceDate "2013.09.29"]
[SourceVersion "1"]
[SourceVersionDate "2013.12.25"]
[SourceQuality "1"]

1. e4 c6 2. d4 d5 3. Nc3 dxe4 4. Nxe4 Bf5 5. Ng3 Bg6 6. Bc4 e6 7. N1e2 Nd7 8.
O-O Ngf6 9. f4 Be7 10. f5 exf5 11. Nxf5 Bxf5 12. Rxf5 O-O 13. c3 Ne4 14. Bd3
Nd6 15. Rh5 g6 16. Rh3 Bg5 17. Ng3 Re8 18. Qg4 Re1+ 19. Nf1 Rxc1 20. Rxc1 Bxc1
21. Ne3 Bxe3+ 22. Rxe3 Nf8 23. h4 Qd7 24. Qg5 Re8 25. Rh3 Qe7 26. Qh6 Qf6 27.
Rf3 Qg7 28. Qf4 Rd8 29. Bc2 Ne6 30. Qg3 Nf5 31. Qf2 Ne7 32. h5 Nd5 33. a3 Re8
34. c4 Ne7 35. h6 Qxh6 36. Rxf7 Qc1+ 37. Kh2 Qh6+ 38. Kg1 Rf8 39. Rxf8+ Qxf8
40. Qe3 Qf6 41. d5 cxd5 42. cxd5 Qd4 43. Qxd4 Nxd4 44. d6 Nxc2 45. d7 Nc6 0-1

[Event "21. Torneo San Viator 2013"]
[Site "Madrid ESP"]
[Date "2013.11.03"]
[Round "7.10"]
[White "Gonzalez Mateos, Rafael"]
[Black "Tevar Sanz, Gonzalo"]
[Result "0-1"]
[WhiteElo "2006"]
[BlackElo "1836"]
[PlyCount "67"]
[EventDate "2013.09.29"]
[EventType "swiss"]
[EventRounds "9"]
[EventCountry "ESP"]
[SourceTitle "Ajedrez en Madrid"]
[Source "lmi"]
[SourceDate "2013.09.29"]
[SourceVersion "1"]
[SourceVersionDate "2013.12.25"]
[SourceQuality "1"]

1. d4 Nf6 2. c3 g6 3. Bg5 Bg7 4. Nd2 O-O 5. e4 d6 6. Bd3 h6 7. Bh4 Nh5 8. Ne2
c5 9. d5 Nd7 10. f4 Ndf6 11. h3 Nh7 12. g4 N5f6 13. Qc2 Bd7 14. c4 a6 15. e5
dxe5 16. fxe5 Ne8 17. d6 Ng5 18. Ne4 Nf3+ 19. Kd1 Nxh4 20. g5 Nf5 21. Kc1 Nd4
22. Nxd4 cxd4 23. gxh6 Bxh6+ 24. Kb1 Bf5 25. c5 Bg7 26. e6 fxe6 27. Ng3 Qd7 28.
Bxf5 Rxf5 29. Ne4 exd6 30. Ng3 Qc6 31. Rg1 d3 32. Qc4 Qd5 33. Qg4 Qe5 34. Rg2
0-1

[Event "21. Torneo San Viator 2013"]
[Site "Madrid ESP"]
[Date "2013.11.03"]
[Round "7.11"]
[White "Garcia Sanjuan, Jose"]
[Black "Martin Mazuelo, Miguel"]
[Result "1/2-1/2"]
[WhiteElo "1857"]
[BlackElo "1992"]
[PlyCount "94"]
[EventDate "2013.09.29"]
[EventType "swiss"]
[EventRounds "9"]
[EventCountry "ESP"]
[SourceTitle "Ajedrez en Madrid"]
[Source "lmi"]
[SourceDate "2013.09.29"]
[SourceVersion "1"]
[SourceVersionDate "2013.12.25"]
[SourceQuality "1"]

1. b3 b6 2. Bb2 Bb7 3. c4 e6 4. Nf3 f5 5. g3 Nf6 6. Bg2 c5 7. O-O Be7 8. d4
cxd4 9. Nxd4 Bxg2 10. Kxg2 O-O 11. Nd2 Na6 12. a3 Nc5 13. b4 Nce4 14. f3 Nd6
15. Qb3 Kh8 16. Nc2 Qe8 17. Ne1 Qg6 18. Nd3 Rfd8 19. Ne5 Qe8 20. Rad1 Nf7 21.
Nd3 d6 22. Nf4 e5 23. Nd5 Nxd5 24. cxd5 Nh6 25. e4 Qg6 26. exf5 Nxf5 27. Ne4
Rac8 28. Rc1 Rf8 29. Rxc8 Rxc8 30. Kh1 Nh6 31. Qe3 Nf7 32. Rc1 Qf5 33. Rxc8+
Qxc8 34. Qc1 Qf5 35. Kg2 h6 36. g4 Qd7 37. Qc6 Qd8 38. b5 Kg8 39. a4 Ng5 40.
Nxg5 Bxg5 41. Ba3 Bf4 42. Qxd6 Qh4 43. Qf8+ Kh7 44. Qf5+ Kg8 45. Qf8+ Kh7 46.
Qf5+ Kg8 47. Qf8+ Kh7 1/2-1/2

[Event "21. Torneo San Viator 2013"]
[Site "Madrid ESP"]
[Date "2013.11.03"]
[Round "7.12"]
[White "Rodriguez Orgaz, Cesar"]
[Black "Garcia Galeote, Lorenzo"]
[Result "1-0"]
[WhiteElo "1820"]
[BlackElo "1987"]
[PlyCount "83"]
[EventDate "2013.09.29"]
[EventType "swiss"]
[EventRounds "9"]
[EventCountry "ESP"]
[SourceTitle "Ajedrez en Madrid"]
[Source "lmi"]
[SourceDate "2013.09.29"]
[SourceVersion "1"]
[SourceVersionDate "2013.12.25"]
[SourceQuality "1"]

1. c4 e6 2. Nf3 d5 3. d4 Nf6 4. Bg5 Be7 5. e3 O-O 6. Nc3 Nbd7 7. cxd5 exd5 8.
Bd3 c6 9. Qc2 Re8 10. O-O Nf8 11. Rab1 Ne4 12. Bxe4 Bxg5 13. Bf5 Be7 14. b4 a6
15. Na4 Bd6 16. Nc5 Qc7 17. a4 g6 18. Bxc8 Raxc8 19. Qd3 a5 20. b5 Bxc5 21.
dxc5 Qe7 22. bxc6 bxc6 23. Qc3 Ne6 24. Rfc1 Qa7 25. Rb6 Rc7 26. Rcb1 Nd8 27.
Ne5 f5 28. Rb8 Rce7 29. f4 Qc7 30. R1b6 Re6 31. Qxa5 Rxe5 32. fxe5 Qxe5 33. Rb3
Qe7 34. Qc3 Qh4 35. R3b4 Qe7 36. a5 g5 37. a6 f4 38. exf4 Qe2 39. Rb1 Qxa6 40.
Qf6 Qa5 41. Qxg5+ Kf7 42. R8b7+ 1-0